000 00694nam a2200241 i 4500
001 bg
100 1 _aTuffelli, Nicole
245 0 _aSztuka XIX wieku /
_cNicole Tuffelli ; [tł. Wojciech Gilewski].
260 _aWarszawa :
_bRzeczpospolita ;
_bHPS,
_ccop. 2007.
300 _a143 s. :
_bil. ;
_c26 cm.
490 1 _aKlasycy Sztuki ;
_v49
534 _pTyt. oryg. :
_tL'Art au XIX siécle.
650 0 _aSztuka
_xhistoria
_y19 w.
700 1 9 _aWaleńczak, Igor
_eTł.
830 _aKlasycy Sztuki ;
020 _a9788360688236
040 _cBPK
041 1 _apol
_hfre
080 _a7.035"19"
920 _a978-83-60688-23-6
942 _cKS
008 s pl f |000 0 pol
999 _c53766
_d53766